LEADER 01785nam2 2200445 450 001 000040299 005 20150129103948.0 100 $a20150129d1978----km-y0itaa50------ba 101 2 $agrc$afre 102 $aFR 200 1 $aDes lieux dans l'homme, Du système des glandes, Des fistules, Des hémorroides, De la vision, Des chairs, De la dentition$fHippocrate$gtexte établi et traduit par Robert Joly 210 $aParis$c<> belles lettres$d1978 215 $a234 p.$d20 cm 225 2 $aCollection des universités de France 300 $aTraduzione francese con testo greco a fronte 410 0$12001$aCollection des universités de France 461 1$1001000038763$12001$aHippocrate$vvol. 13 500 11$aDe locis in homine / Hippocrates$928759 500 11$aDe glandulis / Hippocrates$928760 500 11$aDe fistulis / Hippocrates$928761 500 11$aDe haemorrhoidibus / Hippocrates$928762 500 11$aDe visu / Hippocrates$914768 500 11$aDe carnibus / Hippocrates$928763 500 11$aDe dentitione / Hippocrates$928764 676 $a610.901$v(22. ed.)$9Medicina. Fino al 499 d.C 700 0$aHippocrates$f$0157241 702 1$aJoly,$bRobert 801 0$aIT$bUniversità della Basilicata - B.I.A.$gREICAT$2unimarc 912 $a000040299 996 $aDe dentitione$928764 996 $aDe carnibus$928763 996 $aDe fistulis$928761 996 $aDe glandulis$928760 996 $aDe locis in homine$928759 996 $aDe Visu$914768 996 $aDe haemorrhoidibus$928762 997 $aUNIBAS CAT $aEXT013$b01$c20150129$lBAS01$h1039 FMT Z30 -1$lBAS01$LBAS01$mBOOK$1BASA1$APolo Storico-Umanistico$2GEN$BCollezione generale$3Class/467$615401$5L15401$820150129$f02$FPrestabile Generale LEADER 01384nam0 22003251i 450 001 RML0270520 005 20231121125725.0 100 $a20121121d1992 ||||0itac50 ba 101 | $aita 102 $ait 181 1$6z01$ai $bxxxe 182 1$6z01$an 200 1 $aBonizone di Sutri$ela vita e le opere$fWalter Berschin$g[traduzione di Andrea Tabarroni] 210 $aSpoleto $cCentro italiano di studi sull'alto Medioevo $d1992 215 $aXV, 278 p.$d24 cm 225 | $aMedioevo-traduzioni$c- Spoleto $eCentro italiano di studi sull'Alto Medioevo $v1 300 $auna scelta di testi di Bonizone di Sutri 410 0$1001RML0331205$12001 $aMedioevo-traduzioni$c- Spoleto $eCentro italiano di studi sull'Alto Medioevo $v1 606 $aBonizone di Sutri$xOpere$xEdizione critica$2FIR$3RMLC381921$9I 676 $a270.4$9Storia della Chiesa. 1054-1200$v21 700 1$aBerschin$b, Walter$3RMLV158601$0167033 702 0$aBonizo$3RMLV174344 801 3$aIT$bIT-01$c20121121 850 $aIT-FR0017 899 $aBiblioteca umanistica Giorgio Aprea$bFR0017 912 $aRML0270520 950 0$aBiblioteca umanistica Giorgio Aprea$d 52CIS Spoleto M1$e 52VM 0000408075 VM barcode:00013682. - Inventario:12876 FLSVM$fA $h20040305$i20121204 977 $a 52 996 $aBonizone di Sutri$9245815 997 $aUNICAS